000 01088nam a22002417a 4500
003 OSt
005 20251002164506.0
008 240403b ||||| |||| 00| 0 eng d
040 _c0
082 _aDPer 621.317 Ie21 October 2022 v. 37 n. 10
100 _aLong, Bo.
_eauthor.
_955921
245 _aFault-tolerant sequential MPC for vertical switch open-circuit fault and ZSCC suppression for parallel T-type converters /
_cBo Long, TianXu Cao, DaWei Shen, Josep M. Guerrero, José Rodríguez, and Kil To Chong.
260 _aNew York ;
_bThe Institute of Electrical and Electronics Engineers, Inc. ,
_cOctober 2022.
300 _aVolume 37, pages 11787-11802 :
_billustration ;
_c28 cm.
500 _aIEEE Transactions on Power Electronics, v. 37, n. 10, pages 11787-11802, October 2022.
700 _aLong, Bo.
_eauthor.
_955921
700 _aCao, TianXu.
_eauthor.
_955922
700 _aShen, DaWei.
_eauthor.
_955923
700 _aGuerrero, Josep M.
_eauthor.
_955924
700 _aRodríguez, José.
_eauthor.
_955925
700 _aChong, Kil To.
_eauthor.
_955926
942 _2ddc
_cPER
999 _c19984
_d19984